Pocket surveying buildings (Record no. 105426)

MARC details
000 -LEADER
fixed length control field 01503cam a2200265 4500
001 - CONTROL NUMBER
control field ##L133576
008 - FIXED-LENGTH DATA ELEMENTS--GENERAL INFORMATION
fixed length control field 010814n2006 000 0 eng u
020 ## - INTERNATIONAL STANDARD BOOK NUMBER
International Standard Book Number 1842192426
-- 9781842192426
035 ## - SYSTEM CONTROL NUMBER
System control number (Sirsi) u133576
041 0# - LANGUAGE CODE
Language code of text/sound track or separate title eng
050 04 - LIBRARY OF CONGRESS CALL NUMBER
Classification number 690.2 $2 18
100 1# - MAIN ENTRY--PERSONAL NAME
Personal name Hollis, Malcolm
245 00 - TITLE STATEMENT
Title Pocket surveying buildings
250 ## - EDITION STATEMENT
Edition statement 2nd ed.
260 ## - PUBLICATION, DISTRIBUTION, ETC.
Place of publication, distribution, etc. London
Name of publisher, distributor, etc. RICS Books
Date of publication, distribution, etc. 2006
300 ## - PHYSICAL DESCRIPTION
Extent vi,243p
Other physical details ill
Dimensions 20cm.
350 ## - PRICE (NR) (BK AM CF MU VM SE) [OBSOLETE]
Price 22 50
505 2# - FORMATTED CONTENTS NOTE
Formatted contents note What is a survey? -- The inspection -- Reporting -- Surveys of specialist buildings -- Surveying equipment -- The contract -- The duties of surveyors, their performance and their breach -- Health in buildings -- Roofs -- Walls -- Sealants -- Windows -- Floors -- Surveying services -- Dampness -- Timber decay caused by insect attack -- Rot and fungus damage to timber -- Interpreting cracks -- Common UK dwelling types and their defects -- Summary.
520 ## - SUMMARY, ETC.
Summary, etc. This new edition of Pocket Surveying Buildings covers the whole building surveying process from initial preparation to final reports, and includes tables, checklists, reports, summaries and examples. New features include property datasheets which aid the surveyor in making quick period identifications of residential properties, simplifying the detection of common defects.
520 ## - SUMMARY, ETC.
Summary, etc. Supersedes 1st edition (ISBN 1842190741).
590 ## - LOCAL NOTE (RLIN)
Local note IKA230506
690 ## - LOCAL SUBJECT ADDED ENTRY--TOPICAL TERM (OCLC, RLIN)
Topical term or geographic name as entry element BUILT ENVIRONMENT-BUILDING INSPECTION-BUILDING SURVEYORS
942 ## - ADDED ENTRY ELEMENTS (KOHA)
Suppress in OPAC 0
Holdings
Withdrawn status Lost status Source of classification or shelving scheme Damaged status Not for loan Home library Current library Shelving location Date acquired Total Checkouts Full call number Barcode Date last seen Copy number Price effective from Koha item type Cost, normal purchase price Date last checked out Cost, replacement price
    Dewey Decimal Classification     London London RICS Boxes 22/05/2006   RICS 2006/16 30072988 06/08/2019 1 06/08/2019 Archive      
    Dewey Decimal Classification     London London Books 22/05/2006   690.2 HOL 30072989 06/08/2019 1 06/08/2019 Reference material      
    Dewey Decimal Classification     London London Books 14/07/2006 12 690.2 HOL 30078213 06/08/2019 2 06/08/2019 Book 22.50 01/10/2007 22.50
    Dewey Decimal Classification     London London Books 14/07/2006 39 690.2 HOL 30073130 06/08/2019 3 06/08/2019 Book 22.50 08/06/2010 22.50